000 00234nam a2200097Ia 4500
005 20251222114409.0
008 251222s1900||||xx |||||||||||||| ||spa||
082 _aDVD0124/D87/2003
245 0 _aQueen: Greatest Video Hits 2:
942 _cDVD
999 _c1958
_d1958